00994 2200289 4500001002100000005001500021035002000036007000300056008004100059020001800100082001000118084001400128100001400142245005500156250002000211300003800231500017500269650002100444700002600465110004400491740004400535264003500579336002100614337003000635338002300665990001600688INLIS00000000000004220260410024107 a0010-0426000041ta260410 g 0 ind  a9789792931075 a005.5 a005.5 MEM ePengarang1 aMembongkar misteri microsoft excel 2010 /cMadcoms acetakan pertama a314 halaman :bilustrasi ;c23 cm apanduan komprehensif yang dirancang untuk membantu pengguna menguasai fitur-fitur teknis dan metode pengoperasian praktis yang sering kali terlewatkan oleh pengguna umum. 4aProgram Komputer0 aLeo AgungeIlustrator0 aMembongkar misteri microsoft excel 2010 aMembongkar misteri microsoft excel 2010 aYogyakarta :bLeo Agung,c2010 2rdacontentateks 2rdamediaatanpa perantara 2rdacarrieravolume aPP000078/25